000 00520nam a2200205Ia 4500
003 OSt
005 20230418115526.0
008 210423s2010 xx 000 0 und d
020 _a9788126526444
040 _cAL
041 _aeng
082 _a658.1511 BALR
_223
100 _aBALAKRISHNAN (Ramji);others.
_989991
245 _aManagerial accounting.
260 _aNew Delhi
_bWiley India Pvt Ltd
_c2010
300 _axxx,574
_bPB
365 _b599
_cINR
906 _aaccounting. ; Managerial
942 _2ddc
_cBK
999 _c159513
_d159513